衆議院の首班指名選挙で投票された参議院議員 - Statistics

General Stats
  • This quiz has been taken 47 times
  • The average score is 5 of 16
Answer Stats
政党 Answer % Correct
れいわ新選組 山本太郎
93%
社会民主党 福島瑞穂
93%
参政党 神谷宗幣
80%
公明党 山口那津男
61%
自由民主党 若林正俊
36%
民進党 大塚耕平
34%
日本維新の会 片山虎之助
32%
新党改革 舛添要一
30%
日本共産党 宮本顕治
23%
国民新党 自見庄三郎
23%
日本共産党 野坂参三
9%
社会民主連合 田英夫
7%
日本社会党 江田三郎
5%
新社会党 矢田部理
2%
民主改革連合 笹野貞子
0%
無所属の会 椎名素夫
0%
No matching quizzes found
Score Distribution
Percent of People with Each Score
Percentile by Number Answered
Your Score History
You have not taken this quiz